[Event "FIRST SATURDAY IM  JUNE 2014"]
[Site "Budapest"]
[Date "2014.06.16"]
[Round "9.1"]
[White "Pesotskyi, Vitalii"]
[Black "Gumanny, Evgeny"]
[Result "1/2-1/2"]
[WhiteElo "2277"]
[BlackElo "2137"]
[PlyCount "95"]
[EventDate "2014.06.07"]

1. e4 c5 2. Nf3 d6 3. d4 cxd4 4. Nxd4 Nf6 5. Nc3 a6 6. Be2 e5 7. Nb3 Be7 8. O-O
Be6 9. Bf3 Nbd7 10. a4 Qc7 11. a5 O-O 12. Be3 b5 13. axb6 Nxb6 14. Na5 Nc4 15.
Nxc4 Qxc4 16. Ra4 Qc6 17. Qa1 Bc4 18. Rd1 h6 19. b3 Bb5 20. Ra2 Rac8 21. Nd5
Nxd5 22. exd5 Qb7 23. c4 Be8 24. Rxa6 Qxb3 25. Ra3 Qc2 26. Ra2 Qg6 27. Ra7 Bf6
28. Qa6 Qf5 29. h3 Rd8 30. c5 dxc5 31. Bxc5 e4 32. Bg4 Qf4 33. Qa3 Bb5 34. Bxf8
Rxf8 35. Ra8 Rxa8 36. Qxa8+ Kh7 37. Qa7 Bd3 38. Qxf7 e3 39. fxe3 Qxe3+ 40. Kh1
Qg3 41. d6 Be4 42. Rg1 Be5 43. Bf5+ Bxf5 44. Qxf5+ Kh8 45. Qc8+ Kh7 46. Qf5+
Kh8 47. Qc8+ Kh7 48. Qf5+ 1/2-1/2

[Event "FIRST SATURDAY IM  JUNE 2014"]
[Site "Budapest"]
[Date "2014.06.16"]
[Round "9.2"]
[White "Torma, Robert"]
[Black "Lyell, Mark"]
[Result "1-0"]
[WhiteElo "2404"]
[BlackElo "2223"]
[PlyCount "59"]
[EventDate "2014.06.07"]

1. e4 c5 2. c3 Nf6 3. e5 Nd5 4. d4 cxd4 5. cxd4 e6 6. Nf3 b6 7. Bc4 Ba6 8. Bxd5
exd5 9. Nc3 Bb4 10. Qb3 Bxc3+ 11. bxc3 Bc4 12. Qa3 h6 13. Nd2 Nc6 14. Nxc4 dxc4
15. O-O Ne7 16. f4 O-O 17. f5 f6 18. Qd6 Rf7 19. Ba3 fxe5 20. dxe5 Rc8 21. f6
Ng6 22. fxg7 Rxg7 23. Rf6 Kh7 24. Raf1 Qg8 25. Qd2 Qe8 26. Bd6 Rc6 27. h4 Rxd6
28. exd6 Qe5 29. R1f5 Qg3 30. h5 1-0

[Event "FIRST SATURDAY IM  JUNE 2014"]
[Site "Budapest"]
[Date "2014.06.16"]
[Round "9.3"]
[White "Szalanczy, Emil"]
[Black "Farago, Sandor"]
[Result "1/2-1/2"]
[WhiteElo "2285"]
[BlackElo "2253"]
[PlyCount "33"]
[EventDate "2014.06.07"]

1. e4 Nf6 2. e5 Nd5 3. d4 d6 4. c4 Nb6 5. exd6 exd6 6. Nc3 Be7 7. Nf3 Bf5 8.
Bd3 Bxd3 9. Qxd3 O-O 10. O-O N8d7 11. Be3 Nf6 12. Rac1 c6 13. Rfd1 Ng4 14. Bf4
Nf6 15. Be3 Ng4 16. Bf4 Nf6 17. Be3 1/2-1/2

[Event "FIRST SATURDAY IM  JUNE 2014"]
[Site "Budapest"]
[Date "2014.06.17"]
[Round "10.1"]
[White "Gumanny, Evgeny"]
[Black "Szalanczy, Emil"]
[Result "1/2-1/2"]
[WhiteElo "2137"]
[BlackElo "2285"]
[PlyCount "30"]
[EventDate "2014.06.07"]

1. d4 Nf6 2. c4 g6 3. Nc3 Bg7 4. e4 d6 5. Nf3 O-O 6. Bf4 h6 7. Qd2 Kh7 8. h3
Nbd7 9. O-O-O b6 10. e5 Ng8 11. Bd3 Bb7 12. Be4 Bxe4 13. Nxe4 Qc8 14. Qc2 Qa6
15. Kb1 Kh8 1/2-1/2

[Event "FIRST SATURDAY IM  JUNE 2014"]
[Site "Budapest"]
[Date "2014.06.17"]
[Round "10.2"]
[White "Farago, Sandor"]
[Black "Torma, Robert"]
[Result "0-1"]
[WhiteElo "2253"]
[BlackElo "2404"]
[PlyCount "78"]
[EventDate "2014.06.07"]

1. d4 f5 2. c4 Nf6 3. g3 g6 4. Bg2 Bg7 5. Nc3 O-O 6. e4 Nxe4 7. Nxe4 fxe4 8.
Bxe4 d5 9. cxd5 Bf5 10. Bg2 c5 11. Ne2 cxd4 12. Nxd4 Qa5+ 13. Bd2 Qa6 14. Bc3
Bd3 15. Qd2 Nd7 16. Ne6 Bxc3 17. Qxc3 Rf6 18. O-O-O Ne5 19. f4 Qxa2 20. Kd2
Nc4+ 21. Ke1 Nxb2 22. Rc1 Bc4 23. Rc2 Bxd5 24. Nc7 Bxg2 25. Rxb2 Qa1+ 26. Kf2
Qxh1 27. Qc4+ Kg7 28. Nxa8 Qxh2 29. Qc3 Bc6+ 30. Ke1 Qh1+ 31. Kf2 Qg2+ 32. Ke1
Qf3 33. Qxf3 Bxf3 34. Nc7 Bc6 35. Re2 Kf7 36. Rh2 h5 37. Ra2 a6 38. Kf2 Rd6 39.
Na8 Rd3 0-1

[Event "FIRST SATURDAY IM  JUNE 2014"]
[Site "Budapest"]
[Date "2014.06.17"]
[Round "10.3"]
[White "Lyell, Mark"]
[Black "Pesotskyi, Vitalii"]
[Result "0-1"]
[WhiteElo "2223"]
[BlackElo "2277"]
[PlyCount "80"]
[EventDate "2014.06.07"]

1. e4 Nf6 2. e5 Nd5 3. d4 d6 4. c4 Nb6 5. exd6 cxd6 6. Nc3 g6 7. Be3 Bg7 8. Rc1
O-O 9. b3 a5 10. Be2 a4 11. Nf3 axb3 12. axb3 N6d7 13. O-O Nf6 14. h3 d5 15.
Ne5 Nc6 16. f4 Nb4 17. Bf3 Na2 18. Nxa2 Rxa2 19. Ra1 Qa5 20. b4 Rxa1 21. bxa5
Rxd1 22. Rxd1 Bf5 23. g4 Be4 24. Bxe4 Nxe4 25. c5 Ra8 26. Rb1 Rxa5 27. Rxb7 Ra3
28. Rb8+ Bf8 29. Nd7 Rxe3 30. c6 Rc3 31. Rxf8+ Kg7 32. Rc8 Nd6 33. Rc7 Nb5 34.
Rc8 Nxd4 35. Nb8 Ne2+ 36. Kf1 Nxf4 37. h4 h6 38. Rd8 e5 39. Rd6 e4 40. Kf2 e3+
0-1